000 00697nam a22001817a 4500
003 UA-OsUOA
001 18085
007 ta
008 20040419b un ||||| |||| 00| 0 ukr d
100 _aПілат О.М.
942 _cSA
040 _aUA-OsUOA
_cUA-OsUOA
_dUA-OsUOA
245 _aІ традиційно , і по-новому
_b[Розмова з зав.Рокитнів. район. поліклінніки О.М.Пілат про деякі методи лікування]/Розмовляла В. Іваненко
300 _aС.2
955 _a0
773 0 _w0
_tРокитнівщина
_dРокитне
_d2004
_g№25/27 берез./
650 7 _aКраєзнавча робота
_2UDC
999 _c304255
_d304255